000 00341nam a22001457a 4500
003 SGT
020 _a818974759-2
082 _a616.075
_bMUT
100 _aMUTHUPRASANNA, P.
245 _aMEDICAL LABORATORY TECHNOLOGY
260 _aINDIA
_bBIRLA PUB.
_c2025
300 _a563
650 _aMEDICAL LABORATORY TECHNOLOGY
942 _2ddc
_cBK
999 _c32916
_d32916